Najdroższa jedenastka - Statystyki

Ogólne statystyki
  • Ten quiz został rozwiązany 102 razy
  • Średni wynik to 4 z 11
Statystyki odpowiedzi
Wartość Pozycja Piłkarz % Poprawnych
180,00 mln € N Kylian Mbappé
86%
180,00 mln € ŚPO Jude Bellingham
58%
120,00 mln € ŚPD Rodri
58%
180,00 mln € LS Vinicius Junior
50%
40,00 mln € BR Gianluigi Donnarumma
46%
150,00 mln € PS Phil Foden
27%
80,00 mln € ŚO Rúben Dias
27%
80,00 mln € ŚO William Saliba
26%
70,00 mln € PO Trent Alexander-Arnold
23%
120,00 mln € ŚP Federico Valverde
22%
75,00 mln € LO Josko Gvardiol
12%
Nie znaleziono quizów pasujących do podanych kryteriów
Rozkład punktacji
Procent ludzi z każdym wynikiem
Percentyl według liczby udzielonych odpowiedzi
Twoja historia wyników
Nie rozwiązałeś tego quizu